| Tag |
First Indicator |
Second Indicator |
Subfields |
| LEADER |
00000cam a2200000 i 4500 |
| 001 |
in00005507713 |
| 006 |
m o d |
| 007 |
cr cnu---unuuu |
| 008 |
230803t20242024enk ob 001 0 eng |
| 005 |
20241018192303.8 |
| 010 |
|
|
|a 2023028759
|
| 035 |
|
|
|a (OCoLC)on1393096673
|
| 040 |
|
|
|a DLC
|b eng
|e rda
|c DLC
|d OCLCO
|d YDX
|d OCLCO
|d CAMBR
|d OCLCF
|d OCLCO
|
| 020 |
|
|
|a 9781009247795
|q electronic book
|
| 020 |
|
|
|a 1009247794
|q electronic book
|
| 020 |
|
|
|z 9781009247801
|q hardcover
|
| 020 |
|
|
|z 9781009247788
|q paperback
|
| 035 |
|
|
|a (OCoLC)1393096673
|
| 042 |
|
|
|a pcc
|
| 043 |
|
|
|a e-gr---
|
| 050 |
0 |
4 |
|a R126.G8
|b X46 2024
|
| 082 |
0 |
0 |
|a 610.938
|2 23/eng/20230807
|
| 049 |
|
|
|a TXAM
|
| 100 |
1 |
|
|a Xenophontos, Sophia A.,
|d 1985-
|e author.
|
| 245 |
1 |
0 |
|a Medicine and practical ethics in Galen /
|c Sophia Xenophontos.
|
| 264 |
|
1 |
|a Cambridge, United Kingdom ;
|a New York, NY :
|b Cambridge University Press,
|c 2024.
|
| 264 |
|
4 |
|c ©2024
|
| 300 |
|
|
|a 1 online resource (xv, 300 pages)
|
| 336 |
|
|
|a text
|b txt
|2 rdacontent
|
| 337 |
|
|
|a computer
|b c
|2 rdamedia
|
| 338 |
|
|
|a online resource
|b cr
|2 rdacarrier
|
| 504 |
|
|
|a Includes bibliographical references and indexes.
|
| 505 |
0 |
|
|a Introduction: Galen, the unsuspected moralist -- General protreptic and suggested approaches to life -- Practical ethics in technical accounts -- Moral medicine -- Avoiding distress -- Exhortation to the study of medicine -- Affections and errors of the soul -- Recognising the best physician -- Prognosis.
|
| 520 |
|
|
|a "Offering the first authoritative analysis of Galen's psychological and ethical works alongside a large number of technical tracts, both medical and philosophical, this book provides a new framework through which we can comprehend Galen's role as a practical ethicist - an aspect of his intellectual profile that has been little understood until now"--
|c Provided by publisher.
|
| 588 |
|
|
|a Description based on online resource; title from digital title page (viewed on December 28, 2023).
|
| 600 |
0 |
0 |
|a Galen
|x Criticism and interpretation.
|
| 600 |
0 |
7 |
|a Galen
|2 fast
|
| 650 |
|
0 |
|a Medical ethics
|z Greece.
|
| 650 |
|
0 |
|a Medicine, Greek and Roman.
|
| 650 |
|
6 |
|a Médecine grecque et romaine.
|
| 650 |
|
6 |
|a Éthique médicale
|z Grèce.
|
| 650 |
|
7 |
|a Medical ethics
|2 fast
|
| 650 |
|
7 |
|a Medicine, Greek and Roman
|2 fast
|
| 651 |
|
7 |
|a Greece
|2 fast
|
| 655 |
|
7 |
|a Electronic books.
|2 local
|
| 655 |
|
7 |
|a Criticism, interpretation, etc.
|2 fast
|
| 710 |
2 |
|
|a Cambridge University Press.
|
| 776 |
0 |
8 |
|i Print version :
|a Xenophontos, Sophia A., 1985-
|t Medicine and practical ethics in Galen
|d Cambridge ; New York, NY : Cambridge University Press, 2024
|z 9781009247801
|w (DLC) 2023028758
|
| 856 |
4 |
0 |
|u https://doi.org/10.1017/9781009247795
|z Connect to the full text of this electronic book
|t 0
|
| 955 |
|
|
|a Cambridge Open Access ebooks
|
| 994 |
|
|
|a 92
|b TXA
|
| 999 |
f |
f |
|s 301052e6-9186-4b02-820d-98994d5a68c1
|i a4b68daa-ad28-4098-8e6b-a958b9414ea6
|t 0
|
| 952 |
f |
f |
|a Texas A&M University
|b College Station
|c Electronic Resources
|d Available Online
|t 0
|e R126.G8 X46 2024
|h Library of Congress classification
|
| 998 |
f |
f |
|a R126.G8 X46 2024
|t 0
|l Available Online
|